| 000 | 00778nam a2200217Ii 4500 | ||
|---|---|---|---|
| 003 | JO-AjNU | ||
| 008 | 230605s9999||||xx |||||||||||||| ||und|| | ||
| 017 | _a2010/15187 | ||
| 040 |
_aJO-AjNU _bara _erda _cJO-AjNU |
||
| 041 | _aara | ||
| 050 | 1 | 4 | _aHD30.22.2011 |
| 100 | 3 |
_aالدليمي، جمال داود سلمان, _eauthor _934393 |
|
| 245 | 0 | 0 | _aالاقتصاد الاداري |
| 264 | 3 | 1 | _aالقاهرة: المنظمة العربية للتنمية الادارية، 2011 |
| 300 |
_a183ص _bيحتوي على ببلوغرافية من 181-183ص |
||
| 336 |
_atext _btxt _2rdacontent |
||
| 337 |
_aunmediated _bn _2rdamedia |
||
| 338 |
_avolume _bnc _2rdacarrier |
||
| 490 | 0 | _aبحوث ودراسات ؛ 479 | |
| 650 | 4 |
_aالاقتصاد الاداري _934394 |
|
| 999 |
_aA14098 _c17666 _d17666 |
||